| 000 | 01968cam a22004814i 4500 | ||
|---|---|---|---|
| 003 | PE-LiUPU | ||
| 005 | 20250731172813.0 | ||
| 008 | 150617s1965 sp a rb 000 0 spa d | ||
| 035 | _a(Sirsi) a13737 | ||
| 040 |
_aPE-LiUPU _bspa _cPE-LiUPU _erda |
||
| 049 | _aPRUA | ||
| 082 | 0 | 4 |
_a220.93 _bS28 _221 |
| 100 | 1 |
_aSchmökel, Hartmut, _eautor. |
|
| 245 | 1 | 0 |
_aUr, Asur y Babilonia : _btres milenios de cultura en Mesopotamia / _cHartmut Schmökel ; [traducido por Vicente Romano García]. |
| 264 | 1 |
_aMadrid : _bCastilla, _c1965. |
|
| 300 |
_a294 páginas : _bilustraciones ; _c26 centímetros. |
||
| 336 |
_atext _2rdacontent |
||
| 337 |
_aunmediated _2rdamedia |
||
| 338 |
_avolume _2rdacarrier |
||
| 490 | 0 | _aLas culturas del mundo antiguo | |
| 504 | _aIncluye bibliografía. | ||
| 505 | 0 | _aSúper arcaico -- La época Djemdet Nasr -- Kish y las ciudades de Diyala -- La primera dinastía de Ur y el predominio de Lagash -- El imperio de Accad -- Renacimiento Sumerio -- Auge de los semitas occidentales -- Hammurabi y su época -- Los kasitas -- Imperio Asirio medio -- Imperio Asirio nuevo -- Los reyes caldeos y Nabonido. | |
| 526 | _aSEG42 | ||
| 526 | _aSEG41 | ||
| 526 | _aSEG40 | ||
| 526 | _aSEG39 | ||
| 526 | _aP94 | ||
| 526 | _aP87 | ||
| 526 | _aP86 | ||
| 526 | _aP85 | ||
| 526 | _aP77 | ||
| 526 | _aP76 | ||
| 526 | _aP35 | ||
| 650 | 0 | 4 | _aCivilización asirio-babilónica. |
| 700 | 1 |
_aRomano, Vicente, _etraductor. |
|
| 910 |
_ajck _bjvq _cjck _d20150616 |
||
| 942 |
_2ddc _cBOOK |
||
| 949 |
_a220.93 S28 _wDEWEY _c1 _i15356 _lCCODEBUL1 _mBUL _p00.00 _r0 _sY _tBOOK _u19770905 _xTEOLOGIA _PP35 _0COMPRA _o.STAFF. Colección General |
||
| 994 |
_aC0 _bPEPRU |
||
| 596 | _a1 | ||
| 999 |
_a220.93 S28 _wDEWEY _c4137 _i15356 _d4137 _e2018-11-12 _f2021-11-11 _g5 _lCCODEBUL1 _mBUL _n7 _p23.00 _q5 _r0 _sY _tBOOK _u2015-6-17 _xTEOLOGIA _PP35 _0COMPRA _o.STAFF. Colección Teología |
||
| 980 |
_81 _gALBERTO SANCHEZ Responsable de Automatización |
||